000 00312nam a22001337a 4500
008 170828b xxu||||| |||| 00| 0 eng d
020 _a9780205344307
041 _aeng
080 _a070
100 _a39
101 _aMED
245 _aON THE BET 2002 SPEECH COMMUNICATION
_cBACON.A
942 _2udc
_cBK
999 _c25204
_d25204